| 000 | 00758nam a2200217 i 4500 | ||
|---|---|---|---|
| 001 | 124922 | ||
| 003 | ES-MaACL | ||
| 005 | 20230906192525.0 | ||
| 007 | t| | ||
| 008 | 070424s1930 sp ||||1| spa d | ||
| 100 | 1 |
_aLeal Ramos, León. _970981 |
|
| 245 | 1 | 0 |
_aComo van desfilando los viejos-- / _cLeón Leal Ramos. |
| 260 |
_a[Madrid : _bs.n., _c1932] ( _fImp. Marzo) |
||
| 300 |
_a4 p. ; _c22 cm. |
||
| 490 | 1 |
_aPublicaciones del Instituto Nacional de Previsión ; _v316 |
|
| 500 | _aPublicado además en: Hojas divulgadoras del Instituto Nacional de Previsión, n. 6 marzo 1932. | ||
| 500 | _aSin portada. | ||
| 830 | 0 |
_aPublicaciones del Instituto Nacional de Previsión ; _v316 _9181151 |
|
| 852 |
_aES-MaACL _jC-12647(3) |
||
| 999 |
_c124922 _d124922 |
||